000 00512nam a2200181Ia 4500
999 _c36886
_d36886
003 GCL
005 20240530103116.0
008 140319s9999 xx 000 0 ara d
040 _aGCL /
_cGCL
082 0 4 _a229.45
_bع ا
100 1 _aعبدالرزاق نوفل
245 1 0 _aالله والعلم الحديث /
_cعبدالرزاق نوفل
260 _a[S.N] :
_bدار الشروق ،
_c1990
300 _a226 ص
650 0 4 _aالاسلام
650 0 4 _aالعلم الحديث
942 _2ddc
_cBK